• 首页
  • 本馆介绍
  • 公告通知
  • 最新文献
  • 馆藏检索
  • 电子资源
  • 读者导购
  • 参考咨询
  • 我的图书馆
  • 登录
  • 详细信息显示
  • 放入我的书架
  • 预约/预借图书
  • 作者相关作品
  • 分类相关作品
  • 丛书相关作品
  • 出版社相关作品

书目信息

  • 表格格式
  • 工作单格式
  • 卡片格式
题名:
中国农民组织化研究初探
    
 
作者: 程同顺
分册:  
出版信息: 天津   天津人民出版社  37712
页数: 325页
开本: 20cm
丛书名:
单 册:
中图分类: F321.42
科图分类:
主题词: 农业经济--中国
电子资源:
ISBN: 7-201-04360-9
000 00546nam0 2200181 450
001 0728815141
005 20070819080015.14
010    @a7-201-04360-9@d¥19.00
100    @a20070819d km y0chiy0120 ea
101 0  @achi
200 1  @a中国农民组织化研究初探@Azhong guo nong min zu zhi hua yan jiu chu tan@f程同顺@Fcheng tong shun
210    @a天津@c天津人民出版社@d37712
215    @a325页@d20cm
606 0  @a农业经济@x中国
690    @aF321.42@v3
701  0 @a程同顺@Acheng tong shun
801  0 @aCN@bPFT@c20070819
905    @a213230@dF321.42@eZW6@f1
    
    中国农民组织化研究初探/程同顺.-天津:天津人民出版社,37712
    325页;20cm
    
    
    ISBN 7-201-04360-9:¥19.00
    
●
相关链接 在E读中查询图书 在五车中查询图书 在当当中查询图书 在豆瓣中查询图书


正题名:中国农民组织化研究初探     索取号:F321.42/ZW6         预约/预借

序号 登录号 条形码 馆藏地/架位号 状态 备注
1 7601557   276015571   密集书库-文学院/ [索取号:F321.42/ZW6] 在馆    
唐山师范学院图书馆 欢迎您!
大连网信软件有限公司© 版权所有